Fastest Sprinters of All Time - Sprint - Statistics

General Stats
  • This quiz has been taken 111 times
    60 since last reset
  • The average score is 5 of 10
Answer Stats
Time Athlete % Correct
9.58 Usain Bolt
100%
9.69 Yohan Blake
79%
9.69 Tyson Gay
77%
9.72 Asafa Powell
72%
9.74 Justin Gatlin
72%
9.75 Kishane Thompson
33%
9.76 Christian Coleman
31%
9.76 Trayvon Bromell
15%
9.76 Fred Curley
3%
9.77 Ferdinand Omanyala
0%
No matching quizzes found
Score Distribution
Percent of People with Each Score
Percentile by Number Answered
Your Score History
You have not taken this quiz since the last reset